Catálogo público

Efecto del implante zeranol y enzimas fibrolíticas exogenas en el comportamiento productivo y características de la canal de ganado cebuino / (Record no. 168467)

MARC details
000 -CABECERA
campo de control de longitud fija 01060nam a2200313Ia 4500
001 - NÚMERO DE CONTROL
campo de control Z_5397
003 - IDENTIFICADOR DEL NÚMERO DE CONTROL
campo de control CHAP
008 - DATOS DE LONGITUD FIJA--INFORMACIÓN GENERAL
campo de control de longitud fija 220113s2006 xx 000 0 und d
010 ## - NÚMERO DE CONTROL DE LA BIBLIOTECA DEL CONGRESO
Número de control de LC 168467
040 ## - FUENTE DE LA CATALOGACIÓN
Centro/agencia transcriptor CHAP
090 ## - LOCALMENTE ASIGNADO TIPO-LC NÚMERO DE CLASIFICACIÓN (OCLC); NÚMERO DE CLASIFICACIÓN LOCAL (RLIN)
Número de clasificación (OCLC) (R) ; Numero de clasificación, CALL (RLIN) (NR) Tesis M 1928
100 ## - ENTRADA PRINCIPAL--NOMBRE DE PERSONA
Nombre de persona Márquez Hernández, Christofer Israel
9 (RLIN) 76315
245 ## - MENCIÓN DE TÍTULO
Título Efecto del implante zeranol y enzimas fibrolíticas exogenas en el comportamiento productivo y características de la canal de ganado cebuino /
Mención de responsabilidad, etc. Chistofer Israel Márquez Hernández y Araely Monsalvo García
260 ## - PUBLICACIÓN, DISTRIBUCIÓN, ETC.
Lugar de publicación, distribución, etc. Chapingo, Méx. :
Nombre del editor, distribuidor, etc. El autor,
Fecha de publicación, distribución, etc. 2006
300 ## - DESCRIPCIÓN FÍSICA
Extensión 102 h.
502 ## - NOTA DE TESIS
Nota de tesis Tesis (Ing. Agrónomo Esp. en Zootecnia) -- UACH. Departamento de Zootecnia
650 ## - PUNTO DE ACCESO ADICIONAL DE MATERIA--TÉRMINO DE MATERIA
Término de materia o nombre geográfico como elemento de entrada Enzimas
9 (RLIN) 37195
650 ## - PUNTO DE ACCESO ADICIONAL DE MATERIA--TÉRMINO DE MATERIA
Término de materia o nombre geográfico como elemento de entrada Ganado cebú
Subdivisión general Engorda
9 (RLIN) 45057
650 ## - PUNTO DE ACCESO ADICIONAL DE MATERIA--TÉRMINO DE MATERIA
Término de materia o nombre geográfico como elemento de entrada Ganado de carne
Subdivisión general Crecimiento
9 (RLIN) 45078
650 ## - PUNTO DE ACCESO ADICIONAL DE MATERIA--TÉRMINO DE MATERIA
Término de materia o nombre geográfico como elemento de entrada Minerales en nutrición animal
9 (RLIN) 75937
650 ## - PUNTO DE ACCESO ADICIONAL DE MATERIA--TÉRMINO DE MATERIA
Término de materia o nombre geográfico como elemento de entrada Zeranol
9 (RLIN) 123955
700 ## - PUNTO DE ACCESO ADICIONAL--NOMBRE DE PERSONA
Nombre de persona Monsalvo García, Araely
9 (RLIN) 77681
901 ## - ELEMENTOS DE DATOS A LOCAL LDA (RLIN)
a TESIS M 1928
902 ## - ELEMENTOS DE DATOS B LOCAL, LDB (RLIN)
a M
910 ## - DATOS DE OPCIÓN DEL USUARIO (OCLC)
Datos de opción del usuario 2006
942 ## - ELEMENTOS DE PUNTO DE ACCESO ADICIONAL (KOHA)
Tipo de ítem Koha Tesis_
942 ## - ELEMENTOS DE PUNTO DE ACCESO ADICIONAL (KOHA)
Tipo de ítem Koha Tesis_
Holdings
Estado de retiro Estado de pérdida Estado dañado No para préstamo Localización permanente Ubicación/localización actual Ubicación en estantería Fecha de adquisición Información codificada de la localización en otra ubicación Total de préstamos Código de barras Fecha visto por última vez Número de copia Precio válido a partir de Tipo de ítem Koha Nota pública
        Zootecnia Zootecnia   03/04/2006 2   z_T 3333 18/01/2022 1 18/01/2022 Tesis_ 2
        Zootecnia Zootecnia   03/04/2006 2   z_T 3334 18/01/2022 2 18/01/2022 Tesis_ 3